Ropná kríza koncom roku 1973

Ropná kríza, ktorú vyvolal ozbrojený arabsko-izraelský konflikt na Blízkom východe, narušila rovnováhu vo svetovom hospodárstve. V reakcii na podpor USA Izraelu v októbrovej vojne 1973, Organizácia arabských krajín vyvážajúca ropu (OAPEC) uvalila embargo na vývoz ropy do USA a Holandska a zároveň zn...

ver descrição completa

Na minha lista:
Detalhes bibliográficos
Autor principal: Sorby, Karol R.
Formato: Capítulo de Livro
Idioma:eslovaco
Assuntos:
Tags: Adicionar Tag
Sem tags, seja o primeiro a adicionar uma tag!

MARC

LEADER 00000nla a2200000 4500
001 0213801
005 20240502073553.7
041 0 |a slo 
044 |a SK 
245 1 0 |a Ropná kríza koncom roku 1973  |c Karol R. Sorby 
520 |a Ropná kríza, ktorú vyvolal ozbrojený arabsko-izraelský konflikt na Blízkom východe, narušila rovnováhu vo svetovom hospodárstve. V reakcii na podpor USA Izraelu v októbrovej vojne 1973, Organizácia arabských krajín vyvážajúca ropu (OAPEC) uvalila embargo na vývoz ropy do USA a Holandska a zároveň znížila ťažbu, čím obmedzila množstvo ropy určenej na export. Napriek tomu, že nedošlo k vážnemu nedostatku ropy na svetových trhoch, jej cena sa vyšplhala na štvornásobok a škodlivo postihla hospodárstvo mnohých krajín. Odlišný dopad krízy na USA a ZSSR ovplyvnil ďalší vývoj studenej vojny. 
610 2 0 |a kríza 
610 2 0 |a ropa 
610 2 0 |a USA 
610 2 0 |a politika medzinárodná 
610 2 0 |a trh svetový 
100 1 |a Sorby, Karol R.